Meneguh azam

Bibliographic Details
Main Author: Puteri Fasma
Format: Book
Published: Selangor : Penerbitan PCT , 2005
Series:Siri novel motivasi hidup remaja
Subjects:

MARC

LEADER 00000cam a2200000 7i4500
001 0000054854
005 20151222.0
008 151111
020 |a 9832807921 (siri) 
020 |a 9832807964 
090 0 0 |a JF   |b MAL 
100 0 |a Puteri Fasma 
245 1 0 |a Meneguh azam   |c Puteri Fasma 
260 |a Selangor :   |b Penerbitan PCT ,   |c 2005 
490 1 |a Siri novel motivasi hidup remaja 
500 |a Children ages 10-12 years old (pink) 
650 0 |a Malay fiction 
999 |a 0000916743   |b Book   |c Children Collection   |e Cawangan Bukit Gambir 
999 |a 0000916744   |b Book   |c Children Collection   |e Cawangan Bukit Gambir 
999 |a 0000916745   |b Book   |c Children Collection   |e Cawangan Bukit Gambir 
999 |a 0000929454   |b Book   |c Children Collection   |e Cawangan Tangkak 
999 |a 0000929456   |b Book   |c Children Collection   |e Cawangan Tangkak 
999 |a 0001053367   |b Book   |c Children Collection   |e Cawangan Segamat 
999 |a 0001074462   |b Book   |c Children Collection   |e Cawangan Taman Sri Lambak 
999 |a 0001074495   |b Book   |c Children Collection   |e Cawangan Bukit Gambir 
999 |a 0001148312   |b Book   |c Children Collection   |e Cawangan Bandar Penawar 
999 |a 0001148313   |b Book   |c Children Collection   |e Cawangan Bukit Gambir 
999 |a 000916744   |b Book   |c Children Collection   |e Cawangan Bukit Gambir